ICONIC MOVIE'S LINES - Statistics

General Stats
  • This quiz has been taken 52 times
  • The average score is 16 of 30
Answer Stats
Hint Answer % Correct
"MAY THE FORCE BE WITH YOU" Star Wars
91%
"TO INFINITY AND BEYOND" Toy Story
89%
"KEVIN!!!" Home Alone
83%
"HERE'S JOHNNY!" The Shining
81%
"MAGIC MIRROR ON THE WALL, WHO IS THE FAIREST ONE OF ALL Snow White
77%
"WITH GREAT POWER COMES GREAT RESPONSIBILITY" Spiderman
74%
"I'M KING OF THE WORLD!" Titanic
74%
"LIFE IS LIKE A BOX OF CHOCOLATES, YOU NEVER KNOW WHAT YOU'RE GONNA GET Forrest Gump
72%
"WAX ON, WAX OFF" Karate Kid
72%
"YOU TAKE THE BLUE PILL... YOU TAKE THE RED PILL..." The Matrix
70%
"YOU SHALL NOT PASS" The Lord Of The Rings
64%
"HASTA LA VISTA, BABY / I'LL BE BACK" The Terminator
64%
"JUST KEEP SWIMMING" Finding Dory
60%
"MY NAME IS MAXIMUS DECIMUS MERIDIUS" Gladiator
57%
"I WAS BORN IN THE DARK / WHY SO SERIOUS?" The Dark Knight
57%
"I LOVE YOU 3000" Avengers: Endgame
55%
"YOU TALKIN' TO ME?" Taxi Driver
51%
"THIS IS SPARTA!!" 300
49%
"THEY MAY TAKE OUR LIVES, BUT THEY'LL NEVER TAKE OUR FREEDOM!" Braveheart
47%
"I AM STEVE" Minecraft Movie
43%
"I COULD DO THIS ALL DAY" Captain America
40%
"IT WASN'T THE AIRPLANES, IT WAS BEAUTY KILLED THE BEAST" King Kong
40%
"REMEMBER WHO YOU ARE" Lion King
28%
"OHANA MEANS FAMILY, AND FAMILY MEANS NOBODY IS LEFT BEHIND OR FORGOTTEN" Lilo & Stich
26%
"YESTERDAY IS HISTORY, TOMORROW IS MYSTERY, AND TODAY IS GIFT..." Kungfu Panda
23%
"DO NOT GO GENTLE INTO THAT GOOD NIGHT" Interstellar
21%
"WHAT EVER GAME YOU'RE PLAYING IT WON'T WORK, YOU CAN'T DEFEAT ME" Thor Ragnarok
21%
"DO YOU UNDERSTAND THE WORDS THAT ARE COMING OUT OF MY MOUTH?!" Rush Hour
19%
"I MAKE THIS LOOK GOOD" Men In Black
11%
"I NEVER YIELDED! AS YOU CAN SEE, I'M NOT DEAD" Black Phanter
2%
No matching quizzes found
Score Distribution
Percent of People with Each Score
Percentile by Number Answered
Your Score History
You have not taken this quiz